[Event "Gashimov Memorial 4th"]
[Site "Shamkir"]
[Date "2017.04.25"]
[Round "5"]
[White "Karjakin, Sergey"]
[Black "Topalov, Veselin"]
[Result "1-0"]
[WhiteElo "2783"]
[BlackElo "2741"]
[Annotator "Marin,M"]
[PlyCount "59"]
[EventDate "2017.04.21"]
[EventType "tourn"]
[EventRounds "9"]
[EventCountry "AZE"]
[EventCategory "21"]
[SourceTitle "CBM 178"]
[Source "ChessBase"]
[SourceDate "2017.05.14"]
[SourceVersion "1"]
[SourceVersionDate "2017.05.14"]
[SourceQuality "1"]

1. e4 c6 2. d4 d5 3. e5 c5 $5 {At this level this daring move is not very
common.} 4. dxc5 e6 5. a3 {Preparing to gain queenside space with b2-b4, Bb2
and finally c2-c4.} ({More popular alternatives are} 5. Be3 Nd7 6. Bb5 {
Postny,E (2497)-Erenburg,S (2494) Tel Aviv 2002 CBM 093 [Postny,E] (1-0, 55)})
({and} 5. Nf3 Bxc5 6. Bd3 Nc6 7. O-O f6 8. Qe2 (8. exf6 {helped Black's
development in Erenburg,S (2475)-Yevseev,D (2546) Alushta 2002 CBM 092 [Lukacs]
(0-1, 16)}) 8... fxe5 9. Nxe5 Nf6 {Smirnov,P (2539)-Kornev,A (2567) Krasnodar
2002 CBM 091 [Lukacs] (1-0, 66)}) 5... Bxc5 6. Nf3 ({Usually White plays} 6. b4
{but in most cases it transposes to the game.}) 6... Ne7 7. Bd3 Ng6 8. O-O Nc6
9. b4 Bb6 10. Bb2 {Black has developed his minor pieces apparently comfortably,
but his main problem remains the lack of space. Undermining e5 is not simple
at all.} Nf4 ({The main alternative is playing on the queenside with} 10... O-O
11. Re1 a5 {Nepomniachtchi,I (2702)-Andreikin,D (2706) Nizhnij Novgorod 2013
CBM 157 [Friedel,J] (1-0, 36)}) 11. c4 Nxd3 {Abstractly speaking this looks
like a concession as it does not cause White wasting time.} ({But if} 11... O-O
{the critical move is} 12. c5 {gaining even more space. In some games White
moved with his queen which obviously yielded Black an extra tempo after the
exchange on d3 with respect to our main game.} Bc7 (12... Nxd3 13. Qxd3 Bc7 {
allows} 14. b5 Ne7 15. a4 $16 {putting Black in a very passive position.}) 13.
Re1 ({With the knight on f4 still, the same plan does not work:} 13. b5 $2 Nxe5
14. Bxe5 Bxe5 15. Nxe5 Qg5 $17) ({But} 13. Bc2 $5 {may be an improvement.})
13... f6 14. exf6 {Ducarmon,Q (2487)-Mithil,A (2258) Pune 2014 (1-0, 53)} e5 $5
15. fxg7 Rf7 {with tremenduous initiative.}) 12. Qxd3 dxc4 13. Qxc4 Ne7 $146 {
Things will turn bad for Black very soon after this novelty. Hard to guess
what went wrong in Topalov's preparation.} (13... O-O 14. Nc3 Nd4 (14... Ne7 {
is more passive:} 15. Rad1 Nd5 16. Qg4 {with strong pressure in Istratescu,A 
(2654)-Grachev,B (2688) Basel 2013 (1/2-1/2, 69)}) 15. Nxd4 Qxd4 16. Qe2 Qh4
17. Rad1 Rd8 18. Rxd8+ {In Smirnov,I (2496)-Sharapov,E (2427) Evpatoria 2008 
(1-0, 23) Black should have played} Qxd8 {preparing to complete the queenside
development:} 19. Rd1 Bd7 {with chances to equalize.}) 14. Nc3 Bd7 (14... O-O {
would transpose to the less favourable game above.}) 15. Qg4 {[%cal Gc3e4,
Gg4g7] White has not done anything special and yet Black has some problems.}
Bc6 {This must have been the key move in Topalov's preparation, but then he
must have overlooked Karjakin's 17th move.} (15... O-O 16. Rad1 Qc7 17. Ne4 $16
) 16. Rad1 Qc7 17. Ng5 $1 {A typical pawn sacrifice. Due to the threat Nce4
Black needs accepting it but this will clear the long diagonal and the e-file.}
({Pawn grabbing would justify Black's idea:} 17. Qxg7 $2 Rg8 18. Qf6 Nf5 {
The king is under pressure and the queen isimmobile.}) 17... Qxe5 18. b5 {
Just that simple. The bishop does not have good squares.} h5 {A desperate
intermediate move failing to change the evaluation. of the position as joyless.
} (18... Bd5 19. Nxd5 Qxb2 20. Nxe6 $18) (18... Bd7 19. Rxd7 Kxd7 20. Nxf7 $18)
(18... h6 {may have been the lesser evil:} 19. Nxf7 Kxf7 20. bxc6 bxc6 21. Na4
h5 22. Qc4 Qf5 (22... Qb5 23. Qc3 Qg5 24. Rd3 $16) 23. Rde1 $16 {[%cal Ge1e5]
with strong attack in both cases. Black's extra pawn is not relevant and he is
poorly coordinated while the King is vulnerable.}) ({Finally, the pawn is
absolutely taboo:} 18... Bxb5 $2 19. Nxb5 Qxb2 20. Nd6+ Kf8 21. Ngxf7 Rg8 22.
Ng5 $18) 19. Qh4 Bxb5 $2 {Even now the pawn is not edible.} ({Black could have
hang on for a while with} 19... Ng6 20. Qg3 Bd7 21. Nxf7 Qxg3 22. hxg3 O-O 23.
Nd6 $16 {His structure is awful and White's knights are very strong, but at
least he will not get mated.}) 20. Rfe1 {Winning an important tempo for
preparing the decisive blow on e6.} Qf5 21. Nxb5 Qxb5 22. Bxg7 Nf5 (22... Rg8
23. Ne4 $18 {[%cal Ge4f6,Ge4d6]}) 23. Nxe6 $1 {Not the only winning move but
the most elegant.} fxe6 (23... Nxh4 24. Nc7#) 24. Rxe6+ Kf7 25. Qf6+ Kg8 26.
Bxh8 {White has a decisive material advantage and as if this was not enough, a
continuing attack.} Bxf2+ 27. Kh1 {The bishop was entirely edible, of course,
but why to expose the king. Somewhere around this move Topalov missed the
right moment to resign.} Qa4 28. Red6 Rf8 29. Qg6+ Kxh8 30. Rd7 1-0

[Event "FIDE-Wch k.o."]
[Site "New Delhi/Teheran"]
[Date "2000.12.11"]
[Round "5.3"]
[White "Shirov, Alexei"]
[Black "Bareev, Evgeny"]
[Result "1-0"]
[WhiteElo "2746"]
[BlackElo "2702"]
[Annotator "Ftacnik,L"]
[PlyCount "63"]
[EventDate "2000.11.27"]
[EventType "k.o."]
[EventRounds "7"]
[EventCountry "IND"]
[SourceTitle "CBM 080"]
[Source "ChessBase"]
[SourceDate "2001.01.25"]
[SourceVersion "1"]
[SourceVersionDate "2001.01.25"]
[SourceQuality "1"]

1. e4 c6 2. d4 d5 3. e5 Bf5 4. Nc3 e6 5. g4 Bg6 6. Nge2 Ne7 7. Nf4 c5 8. dxc5
Nec6 9. h4 Qc7 10. Bg2 Qxe5+ 11. Kf1 d4 (11... Qd4 12. Be3 Qxd1+ 13. Rxd1 $14)
12. h5 {Very daring continuation, it is quite possible that black could have
grabbed the advantage.} (12. Nb5 $5 Bxc5 13. h5 Bb4 14. a4 Bxc2 15. Bxc6+ bxc6
16. Qxc2 $14) 12... Bxc2 $6 (12... dxc3 $5 13. hxg6 (13. Be3 cxb2 14. Rb1 Be4
15. f3 Bxc2 $19) 13... cxb2 14. Bxb2 (14. Rb1 bxc1=Q 15. Qxc1 Bxc5 $19) 14...
Qxf4 (14... Qxb2 15. Rb1 Qf6 16. Rxb7 $16) 15. Rxh7 Rg8 $17 (15... Rxh7 $2 16.
gxh7 Qh6 17. Qd3 Be7 18. Qb5 $16)) 13. Qxc2 dxc3 14. Nd3 Qd4 (14... cxb2 $5 15.
Bxb2 Qc7 16. h6 $13) 15. Be3 Qc4 (15... Qxg4 $5 16. Qxc3 (16. Qb3 Qf5 17. Rd1
c2 18. Qxc2 Nd7 19. Qa4 Rc8) 16... Nd7 17. b4 Be7 18. Rc1 Bf6 19. Qc4 Qxc4 20.
Rxc4 O-O-O 21. b5 $13) 16. Qxc3 Qxc3 17. bxc3 Na6 $2 {Tarrasch was right after
all, the knights are not belonging to the rear of the board. From a6 the poor
knight fails to control the vital e5 square.} (17... Nd7 18. Rb1 O-O-O 19. Ke2
$14) 18. Rb1 O-O-O (18... Rb8 19. Bf4 $18) (18... Nd8 19. Bxb7 Nxb7 20. Rxb7
O-O-O 21. Rxa7 Rxd3 22. Rxa6 Rxc3 23. Ke2 Kb7 24. Rb6+ Kc8 25. Rhb1 $18) 19.
Bxc6 bxc6 20. Ne5 Rg8 (20... f6 21. Nf7 (21. Nxc6 Rd7 22. Kg2 $16) 21... Bxc5
22. Ke2 $16) 21. Nxf7 Rd7 22. Ne5 Rb7 23. Rxb7 (23. Ke2 Bxc5 24. Rxb7 Kxb7 25.
Rb1+ Kc7 26. Rd1 $18) 23... Kxb7 24. Nd3 {Apart from loss of a pawn the
defender is suffering from the poorly developed pieces and pawn weaknesses.
The win is a question of not too complicated technique.} e5 (24... Be7 25. Ke2
$18) 25. Ke2 (25. Nxe5 Bxc5 26. Ke2 Re8 27. Rb1+ Kc7 28. f4 $18) 25... Be7 (
25... e4 26. Rb1+ Kc8 27. Nb4 Nb8 28. Bf4 a5 29. Nd5 Na6 30. Nb6+ Kd8 31. Na4
$18) 26. Kf3 $1 Kc7 27. Ke4 Re8 28. Rh3 Kd7 (28... Bf8 29. Rf3 $18) 29. Nxe5+
Kc7 30. Rf3 Bf6 (30... Bxc5 31. Rf7+ $18) (30... Nxc5+ 31. Bxc5 Bxc5 32. Rf7+
Re7 33. f4 $18) 31. Rf5 h6 32. f4 1-0

[Event "RUS-chT 19th"]
[Site "Sochi"]
[Date "2012.04.13"]
[Round "5"]
[White "Rublevsky, Sergei"]
[Black "Bologan, Viktor"]
[Result "1/2-1/2"]
[WhiteElo "2686"]
[BlackElo "2687"]
[Annotator "Bologan,V"]
[PlyCount "85"]
[EventDate "2012.04.09"]
[EventType "team-swiss"]
[EventRounds "7"]
[EventCountry "RUS"]
[SourceTitle "CBM 148"]
[Source "ChessBase"]
[SourceDate "2012.05.16"]
[SourceVersion "1"]
[SourceVersionDate "2012.05.16"]
[SourceQuality "1"]
[WhiteTeam "Khanty Mansyisk Yugra"]
[BlackTeam "Tomsk 400"]
[WhiteTeamCountry "RUS"]
[BlackTeamCountry "RUS"]

1. e4 c6 2. d4 d5 3. e5 Bf5 4. Nd2 e6 5. Nb3 Nd7 6. Nf3 Qc7 $5 ({As the main
stream nowadays is considered to be} 6... c5 7. dxc5 Bxc5 8. Nxc5 Nxc5 9. Nd4
Ne7 10. Bb5+ Nd7 11. Bg5 Bg6 12. h4 h6 13. Bxe7 Qxe7 14. Bxd7+ Qxd7 15. Qg4 Qc7
16. O-O Qxe5 17. Rfe1 h5 $1 {Bartel Mat 2658 - Turov M 2645 , 4.1.2012 Hilton
Open 2012}) ({Also possible with similar ideas is the move} 6... a6 7. Be2 c5
8. dxc5 Bxc5 {usually Black gives his dark-squared bishop for the knight} 9.
Nxc5 Nxc5 10. Nd4 (10. O-O Ne7 11. Qd4 Rc8 12. Be3 O-O 13. Rac1 Be4 14. Qb4
Bxf3 15. Bxf3 Qc7 16. Rfe1 Ng6 17. Bh5 Rfd8 18. Bxg6 hxg6 $11 {Severiukhina Z
2261 - Gunina V 2511 , 15.4.2012 13th TCh-RUS w 2012}) 10... Ne7 11. O-O Rc8
12. a4 Bg6 13. c3 O-O 14. Be3 Nf5 15. Nxf5 Bxf5 16. Bd4 Qc7 17. a5 $14 {
Kurnosov I 2648 - Gorkavij V 2378 , 28.1.2012 Moscow Open 2012 A}) 7. Be2 (7.
Bd3 Bg4 8. h3 Bxf3 9. Qxf3 c5 10. dxc5 Bxc5 11. Nxc5 Nxc5 12. Bb5+ Nd7 13. O-O
Ne7 14. Bg5 Nf5 15. c4 h6 16. cxd5 Nd4 $13 {Rublevsky Sergei (RUS) 2676 -
Morozevich Alexander (RUS) 2755 , Sochi 3.5.2007 Ch Russia (club)}) (7. Bf4 Ne7
8. Be2 h6 9. O-O g5 10. Bd2 a5 11. a4 Bg7 12. Ne1 c5 13. c3 O-O 14. f4 c4 15.
Nc1 gxf4 16. Bxf4 Ng6 $15 {Fedorov Alexei (BLR) 2620 - Lastin Alexander (RUS)
2597 , Voronezh 18.6.2007 It (open)}) 7... c5 $1 {One of the most critical
ideas in the whole advance variation of the Caro-Kann, if Black can afford
without problems to play ...c5 then he is doing fine.} ({Actually the ...Qc7
idea before was linked more with} 7... f6 {but I don't think that Black is
doing fine after} 8. O-O fxe5 9. dxe5 O-O-O (9... Nxe5 10. Nfd4 {!} Bd6 11. g4
Bg6 12. f4 Nc4 13. Nxe6 $18 {Zinchenko Ya 2547 - Elizarov D 2356 , 14.6.2010
14th Master Open}) 10. Bf4 Ne7 11. Nbd4 Ng6 12. Bg3 $14) 8. dxc5 Bxc5 9. Nxc5
Qxc5 $1 {This is the point: the pawn on e5 is hanging and for White it is not
so easy to set up Nd4 and pawn on f4.} 10. c3 ({On} 10. Nd4 {Black can even
try to take on e5} Nxe5 $5 (10... Ne7 {is the normal line} 11. Bb5 (11. f4 a6
12. c3 Be4 13. Be3 Qc7 14. O-O O-O 15. a4 Nb6 16. Bf2 Nc4 17. b3 Na5 18. Rc1
Rfd8 19. Qd2 Rac8 {=}) 11... Qc7 12. Bxd7+ Qxd7 13. Bg5 Bg6 14. h4 h5 15. O-O
Nc6 $11 {Sadykov Ramil (RUS) 2207 - Faizrakhmanov Ramil, Kazan 8.1.2010
Memorial N.Mukhamedzianov (juniors)}) 11. Be3 Qa5+ 12. Bd2 Qc7 13. Nb5 Qe7 14.
Bc3 f6 15. Qd2 Nc6) 10... Ne7 11. O-O O-O 12. Bf4 Bg4 $1 {I don't have any
problems with this bishop - it's a nice strong developed piece, but the art of
exchange suggests to me that I should swap one of two white pieces from e2 or
f3 in order to leave the white dark-squared bishop against my knight.} 13. Re1
Ng6 14. Bg3 b5 {My plan is more or less clear: targeting the pawn on e5 with
both knights, meanwhile preparing a pawn minority attack on the queenside.} 15.
Rc1 Rac8 16. Qd2 Qb6 17. h3 Bh5 $1 {A small but important nuance - after
exchanging on f3 White's main idea will be to push h4-h5, so it is better to
have the bishop on h2.} 18. Bh2 Bxf3 19. Bxf3 Rc6 $15 {Black has two knights
for the bishops and paradoxically that assures him a small advantage thanks to
the half open character of the position.} 20. Bg3 Rfc8 21. a3 $1 {It's
important after the exchange on b4 to have the possibility to create the
passed pawn a4.} (21. h4 b4 22. cxb4 Ngxe5 $1 {using the fact that the rook
from e1 is busy with defending both the rook on c1 and the pawn on e5.}) 21...
a5 {Typical minority attack.} 22. h4 $1 {The only possibility to attack is to
use the h-pawn as a pusher.} Nc5 ({After} 22... b4 23. cxb4 Rxc1 24. Rxc1 Rxc1+
25. Qxc1 axb4 26. a4 $1 Ne7 $13 {it's very difficult to asses the position.})
23. Rcd1 Ne7 24. Qg5 R6c7 25. Bf4 b4 26. axb4 axb4 27. h5 {The critical moment
of the game, now I have to decide whether to let him play h6 or not.} bxc3 {
To be honest I underestimated the possibility of the white attack on the
h-file; if I had seen it at this moment I would have preferred my second
choice.} (27... h6 {which I was also considering during the game} 28. Qg4 bxc3
29. bxc3 (29. Bxh6 Nf5 $1 30. Bxg7 Kh7 $3) 29... Kf8 30. Be3 Qb3 31. Rb1 Qc2 {
with some initiative for Black.}) 28. h6 Ng6 29. bxc3 Na4 30. Be3 Qa5 31. hxg7
Nxc3 32. Ra1 Qb4 33. g3 $1 {Rublevsky is preparing Kg2 and Rh1.} Qb2 (33... Ne7
34. Kg2 Nf5 35. Qh5 Qb2 $11) 34. Kg2 Ne4 {It was better to bring the queen
into the defence:} (34... Qc2 35. Rac1 Qf5 36. Qxf5 exf5 37. Bd4 Ne4 $11) 35.
Bxe4 dxe4 36. Ra5 ({The best chance for White was} 36. Red1 {on which I was
going to react with} Re8 37. Rd8 Rc8 38. Bd4 Qe2 39. Rd7 Qf3+ $11) 36... Rd7 (
36... Ne7 37. g4 $18) 37. Qh5 $1 (37. Rh1 Qe2 $11) 37... f5 $3 {It's not so
difficult to see this move but when you are in time trouble anything can
happen.} (37... f6 38. Rc1 Rcd8 39. exf6 Qxf6 40. Bg5 Qf3+ 41. Qxf3 exf3+ 42.
Kxf3 Re8 43. Bh6 Ne7 44. g4 Ng6 45. Rac5 $16) 38. exf6 Qxf6 39. Bg5 Qc3 40. Rc1
Qf3+ 41. Qxf3 exf3+ 42. Kxf3 Rxc1 43. Bxc1 1/2-1/2

[Event "Shenzhen Du Te Cup"]
[Site "Shenzhen"]
[Date "2017.04.02"]
[Round "10"]
[White "Adams, Michael"]
[Black "Svidler, Peter"]
[Result "0-1"]
[WhiteElo "2761"]
[BlackElo "2741"]
[Annotator "Roiz,M"]
[PlyCount "64"]
[EventDate "2017.03.23"]
[EventType "tourn"]
[EventRounds "10"]
[EventCountry "CHN"]
[EventCategory "21"]
[SourceTitle "CBM 178"]
[Source "ChessBase"]
[SourceDate "2017.05.14"]
[SourceVersion "1"]
[SourceVersionDate "2017.05.14"]
[SourceQuality "1"]

1. e4 c6 {The Caro-Kann isn't part of Peter's consistent opening repertoire,
so this move might have come as a surprise for Michael.} 2. d4 d5 3. e5 Bf5 4.
h4 h5 5. Bd3 {This is one of most aggressive ways of handling the positions.
In most cases, White should be prepared to sacrifice a pawn.} Bxd3 6. Qxd3 e6
7. Bg5 Be7 (7... Qb6 $5 8. Nd2 c5 9. c4 {, as was checked out in many games,
leads to very sharp play.}) 8. Nf3 Nh6 9. Nc3 Nf5 10. Ne2 {The usual approach
- White is intending to exchange the Nf5 in a favourable situation.} c5 {
The most challenging - since White's king is still in the centre, this
standard break is quite effective.} (10... g6 11. Ng3 Nd7 12. Nxf5 gxf5 13. c3
{Saric,I (2666)-Motylev,A (2687) Poikovsky 2014, was unpleasant for Black.})
11. dxc5 Qa5+ $146 {No doubt, this innovation was properly explored by GM
Svidler before the game.} (11... Na6 {is what Michael faced earlier:} 12. Qb5+
(12. Bxe7 $5 Qxe7 13. Qb5+ Qd7 14. a4 Qxb5 15. axb5 Nxc5 16. Ned4 {Rodi,L 
(2340)-Roiz,M (2605) Baku AZE 2016, led White to a slightly better ending.})
12... Qd7 13. Qxd7+ Kxd7 14. Bxe7 Kxe7 15. b4 b6 16. cxb6 Nxb4 17. Ned4 Nxd4
18. Nxd4 axb6 19. Rb1 Rxa2 20. Kd2 Na6 $11 {1/2 (31) Adams,M (2744)-Navara,D 
(2730) Wijk aan Zee NED 2016}) 12. c3 Qxc5 13. Bxe7 (13. O-O Nc6 14. Bxe7 Qxe7
15. g3 O-O 16. Nf4 g6 17. Rfe1 Rac8 18. Ng5 Kg7 $11 {was safe for Black.})
13... Kxe7 {This original decision seems risky - there are still many pieces
on the board, so the Ke7 is not that safe.} ({More to the point was} 13... Qxe7
14. Ned4 Nxd4 15. Nxd4 Nc6 16. Nf3 Qc7 17. Qe2 O-O $11) 14. Ned4 {In his turn,
GM Adams fails to extend his initiative properly - the exchanges favour Black
in this situation.} ({A much more energetic try would be} 14. O-O $1 Nc6 15.
Qd2 g6 16. Qg5+ Kf8 17. Qf6 Kg8 18. Rfd1 $14 {, and Black is suffering from a
lack of harmony.}) 14... Nxd4 15. Nxd4 (15. cxd4 Qb4+ 16. Qd2 Qxd2+ 17. Kxd2
Nc6 $11) 15... Nc6 {Now Black's problems are solved.} 16. O-O {This move isn't
bad at all, but it is a committal decision - White is giving up a central pawn.
} ({Safer was} 16. Qe3 Nxd4 17. cxd4 Qb4+ 18. Qd2 $11) 16... Nxe5 17. Qe3 Nd7
18. Rfe1 $6 {The first step in the wrong direction - White is wasting an
important tempo, letting Black consolidate.} ({The correct way was} 18. Rad1 $1
Kf8 19. c4 $1 {,maintaining the balance. The play might continue:} e5 (19...
Qxc4 $2 20. Rc1 Qa6 21. Rc7 $40) 20. Nf5 d4 (20... Qxe3 21. fxe3 Nf6 22. cxd5
Rd8 $11) 21. Qg5 g6 22. b4 $1 Qxb4 23. Rb1 Qxc4 24. Qe7+ Kg8 25. Nd6 Qe6 26.
Qxe6 fxe6 27. Rxb7 $44 {, and White has full compensation for the pawns.})
18... Kf8 19. Rad1 (19. Rac1 Rh6 20. Red1 Rg6 21. Qf3 Nf6 22. c4 Rg4 $17) 19...
Rh6 $1 {Peter finds a beautiful way of activating the rook.} 20. Rd3 $2 {
It is only after this mistake that White's position becomes really bad.} ({
Had he played} 20. c4 $1 dxc4 (20... Qxc4 21. Rc1 Qb4 22. Rc7 Rd8 23. Nf3 $15)
21. Qg3 Nf6 22. Rxe6 Rg6 23. Qd6+ Qxd6 24. Rxd6 $15 {, the activity of his
pieces would offer White excellent drawing chances.}) 20... Kg8 21. Qd2 Rg6 {
Now Black is just a pawn up.} 22. Nf3 Rg4 23. Nh2 $2 ({It was necessary to
swap the knights:} 23. Ne5 Nxe5 24. Rxe5 g6 25. g3 $17 {, hoping to trap the
opponent's rook by means of 26.f4. In this case White would still have some
practical drawing chances.}) 23... Rxh4 24. Qg5 (24. Rg3 {was hardly any
better:} Qf8 25. Qg5 Re4 26. Rxe4 dxe4 27. Qxh5 f5 $1 $19) 24... Re4 25. Ree3
Nf6 $19 {The rest is just an agony.} 26. b4 Qb6 27. Rg3 Re1+ 28. Nf1 Ng4 29.
Rde3 Ra1 30. Re2 Qa6 31. Qd2 Rc8 32. Qb2 Rb1 0-1